000 00755nam a2200229Ia 4500
003 GCL
008 140319s9999 xx 000 0 ara d
040 _aGCL /
_cGCL
082 0 4 _a327.172
_bع س
100 1 _aعبده مباشر
245 1 0 _aالسلام والمتغيرات فى الوضع العسكرى الاسرائيلى /
_cعبده مباشر
260 _a[S.N] :
_bالهيئة المصرية العامة للكتاب ،
_c1987
300 _a207 ص
490 _a
650 0 4 _aمصر
650 0 4 _aالنزاع العربى الاسرائيلى
650 0 4 _aمعاهدات السلام
650 0 4 _aاتفاقيات كامب ديفيد
650 0 4 _aالسلام
650 0 4 _aالسلام العالمى
942 _2ddc
_cBK
999 _c35044
_d35044